Applications de musique - logos - Statistiques

Statistiques générales
  • Ce quiz a été pris 78 fois
  • Le résultat moyen est 7 sur 16
Statistiques - réponses
Par images Réponse % Correct
Spotify
100%
Deezer
96%
Shazam
90%
Amazon Music
84%
Youtube Music
79%
Apple Music
71%
SoundCloud
46%
Garageband
40%
Google Play Music
11%
Napster
10%
Podcasts
10%
Radio France
10%
Karafun
9%
Figure
1%
Trebel Music
1%
Yousician
1%
Aucun quiz correspondant
Distribution des résultats
% des personnes avec chaque résultat
Percentile par nombre de réponses
Votre historique - résultats
Vous n’avez pas pris ce quiz